00988 a2200229 4500022001300000050002300013100004500036110003400081245031000115264004600425300001100471500005000482650003000532650002000562650002100582651001800603700002800621700003200649700002500681700002700706700002500733 I0038239600aKTL19.A35 SOU 1993 aCorbett, M.MeHonorary consulting editor aSupreme Court of South Africa04aSouth African law reports (4)November: bDecisions of the Supreme Court of Appeal of South Africa, Constitutional court of Namibia, High court of Zimbabwe, Supreme court of Zimbabwe, Supreme court of Venda, Supreme court of Ciskei, Supreme court of Transkei /cFisher David S, Brenda Badernhorst. ...et al aSouth Africa:bJuta and Company LTDc1992 a323p.: aIncludes bibliographical references and index 0aLaw reports, digests, etc 7aTable of cases  7aCase annotations 7aSouth Africa. aFisher, David Seeditor aBadernhorst, brendaeeditor aBarrow, Oweneeditor aCavvadas, Johneeditor aHanmer, Nitaeeditor